000 00430nam a2200181Ia 4500
001 739
005 20260306140540.0
008 260306t1993||||xx |||||||||||||| ||spa||
041 _aESP
082 _a160
_bA72
100 _aAristóteles, 384-322 a.C.
_eAUT
245 0 _aTratados de lógica:
_b(El Organon)
260 _c1993
300 _a387 páginas :
_c22 cm.
650 _aGEN
654 _aCHU
942 _cLIB
_dJUS
_fJUS
_2ddc
_n
999 _c739
_d739